| 000 | 00913nam a22003017a 4500 | ||
|---|---|---|---|
| 001 | 5311 | ||
| 003 | FISKH | ||
| 005 | 20241125154733.0 | ||
| 008 | 241125b cb ||||| |||| 00| 0 eng d | ||
| 020 | _a9781618102997 | ||
| 040 |
_aFISKH _beng _cFISKH _dFISKH |
||
| 050 | _aS944 | ||
| 082 | _a823 | ||
| 100 |
_aSuen, Anastasia _d(1956-) |
||
| 245 |
_aWe're going on a dinosaur dig / _cBy Anastasia Suen Illustrated by Ed Myer |
||
| 250 | _a2013 | ||
| 260 |
_aShenzhen : _bEducational Media, _c2013. |
||
| 300 |
_a20 pages : _bColor illustrator ; _c21 cm |
||
| 505 | _aA | ||
| 520 | _aA group of children go out with buckets and spades, searching for dinosaurs, then running home when a live one is found. | ||
| 521 | 8 |
_a70L
_bLexile |
|
| 521 | 8 |
_aA
_bRaz-Plus |
|
| 650 |
_2Fiction _aDinosaur |
||
| 650 |
_2Dig _aJungle |
||
| 700 |
_aMyer, Ed _dIllustrator |
||
| 942 |
_2ddc _cBK _n0 |
||
| 999 |
_c5311 _d5311 |
||